Implantación de cultivos en agricuktura convencional y ecológica /

Guardado en:
Autor Principal: Marín Gomez, Joaquin
Formato: Libro
Publicado: Resistencia : Sintesis,2017.
Materias:
Etiquetas: Agregar Etiqueta
Sin Etiquetas, Sea el primero en etiquetar este registro!
LEADER 01659nam a22002535a 4500
001 CEM.cems018623
005 20180523131311.0
008 130507b######################000#0#####d
003 CEMS
020 |a 9788490771341 
082 0 4 |a 633.2 
100 1 |a Marín Gomez, Joaquin 
245 1 0 |a Implantación de cultivos en agricuktura convencional y ecológica /  |c Joaquín Marín Gómez; roberto García López; julio Pérez Marín; josé Banegas Ortiz. 
260 |a Resistencia :  |b Sintesis,2017. 
300 |a 214p. ; 25cm. 
505 0 |a El sector productivo agricola Selección de cultivos hortícolas, herbáceos y frutales Instalaciones de cultivo sin suelo Preparación del terreno Siembra, trasplante, plantación Riesgos laborales Transformación y reconversión de explotaciones de producción convencional a ecología  
653 |a Sector productivo agricola -- preparación del terreno -- siembra, trasplante, plantación -- instalaciones de cultivo sin suelo -- preparación del terreno -- siembra, trasplante, plantación -- riesgos laborales -- transformación y reconversión de explotaciones de producción convencional a ecología 
859 |a CEMS  |b BIB. CEMS - Agricultura  |h 633.2  |i M338  |p A3084.18  |t Ej.1 
859 |a CEMS  |b BIB. CEMS - Agricultura  |h 633.2  |i M338  |p A3085.18  |t Ej.2 
859 |a CEMS  |b BIB. CEMS - Agricultura  |h 633.2  |i M338  |p A3086.18  |t Ej.3 
859 |a CEMS  |b BIB. CEMS - Agricultura  |h 633.2  |i M338  |p A3087.18  |t Ej.4 
859 |a CEMS  |b BIB. CEMS - Agricultura  |h 633.2  |i M338  |p A3088.18  |t Ej.6 
859 |a CEMS  |b BIB. CEMS - Agricultura  |h 633.2  |i M338  |p A3089.18  |t Ej.6 
859 |a CEMS  |b BIB. CEMS - Agricultura  |h 633.2  |i M338  |p A3091.18  |t Ej.7